000 00567nam a2200229Ia 4500
003 OSt
005 20220924142810.0
006 a|||||r|||| 00| 0
007 ta
008 ASM
024 _a303353
037 _cTextual
040 _aARTS
_cARTS
_bASM
041 _2ASM
_aASM
082 _aO158,3N27w(Delta), P4
100 _aChoudhury Medini
_9209682
245 0 _aBanduka behar
260 _c2004
650 _aASSAMESE LITERATURE
_911738
942 _hO158,3N27w(Delta), P4
_cTEXL
_2CC
999 _c452012
_d452012